[Event "World Blitz 2016"]
[Site "Doha QAT"]
[Date "2016.12.29"]
[Round "5.21"]
[White "Mamedyarov,S"]
[Black "Jumabayev,R"]
[Result "1-0"]
[WhiteElo "2768"]
[BlackElo "2611"]

1.d4 Nf6 2.c4 g6 3.Nc3 d5 4.Nf3 Bg7 5.cxd5 Nxd5 6.Bg5 Nxc3 7.bxc3 c5 8.e3 Qa5
9.Rc1 cxd4 10.exd4 O-O 11.Be2 Qxa2 12.O-O Bf6 13.Bh6 Rd8 14.Nd2 Qa5 15.Re1 Nc6
16.Bc4 Bf5 17.g4 Bd7 18.h3 Qc7 19.Qf3 Be8 20.Bf4 Qc8 21.Ne4 Bg7 22.Ba2 h6
23.Nc5 Kh7 24.Bg3 b6 25.Nd3 e6 26.h4 Ne7 27.h5 Qc6 28.Qe2 Kg8 29.Ne5 Bxe5
30.Bxe5 Nd5 31.hxg6 fxg6 32.g5 h5 33.Qf3 Rd7 34.Bb1 Rf7 35.Qg3 Rf8 36.Be4 Qd7
37.c4 Ne7 38.Bxa8  1-0

[Event "World Blitz 2016"]
[Site "Doha QAT"]
[Date "2016.12.29"]
[Round "6.15"]
[White "Howell,D"]
[Black "Mamedyarov,S"]
[Result "1/2-1/2"]
[WhiteElo "2644"]
[BlackElo "2768"]

1.Nf3 Nf6 2.g3 d5 3.Bg2 g6 4.c4 d4 5.b4 Bg7 6.d3 O-O 7.O-O Re8 8.a4 e5 9.Bg5 Nbd7
10.a5 a6 11.Na3 h6 12.Bc1 c5 13.bxc5 Qxa5 14.Nc2 Qc7 15.Ba3 Nxc5 16.Qb1 Rb8
17.Bxc5 Qxc5 18.Rxa6 e4 19.Nfxd4 Rd8 20.Qb6 Qf8 21.Ra3 Nd7 22.Qa7 exd3 23.Rxd3 Qc5
24.Nb5 Qe7 25.Qe3 Qxe3 26.Nxe3 Rf8 27.Nd6 Nc5 28.Rd5 Na4 29.Nxc8 Rbxc8 30.Rd7 b6
31.Bf3 h5 32.Kg2 Bh6 33.Nd5 Rxc4 34.Rb1 Kg7 35.Nxb6 Nxb6 36.Rxb6 Bg5 37.Rbb7 Rc5
38.Bd5 Kh6 39.Rxf7 Rxf7 40.Bxf7 Bd2 41.h4 g5 42.hxg5+ Rxg5 43.Rb6+ Kg7 44.Bc4 h4
45.Rb7+ Kg6 46.Rb6+ Kg7 47.Rb7+ Kg6 48.Bd3+ Kf6 49.Rb6+ Kf7 50.Bc4+ Kg7 51.Rb3 Ba5
52.Kh3 Rf5 53.f4 Be1 54.Rb7+ Kf8 55.Rb8+ Ke7 56.Rb7+ Kf8 57.gxh4 Rxf4 58.Rb8+ Ke7
59.Rb7+ Kf8 60.Bd3 Rxh4+ 61.Kg2 Bc3 62.Bf5 Rb4 63.Rc7 Be5 64.Ra7 Bb8 65.Rh7 Be5
66.Bd3 Rg4+ 67.Kf3 Rg3+ 68.Ke4 Bg7 69.Kf5 Rg1 70.Rh3 Rf1+ 71.Ke6 Rf6+ 72.Kd5 Rh6
73.Rf3+ Ke7 74.Re3+ Kf7 75.Bc4 Kf8 76.Rf3+ Ke7 77.Ra3 Rh5+ 78.Ke4 Rh4+ 79.Kd3 Rd4+
80.Kc3 Re4+ 81.Kb3 Re3+ 82.Bd3 Kf6 83.Ra6+ Re6 84.Ra8 Rb6+ 85.Kc4 Re6 86.Kd5 Re5+  1/2-1/2

[Event "World Blitz 2016"]
[Site "Doha QAT"]
[Date "2016.12.29"]
[Round "7.15"]
[White "Mamedyarov,S"]
[Black "Cheparinov,I"]
[Result "1-0"]
[WhiteElo "2768"]
[BlackElo "2689"]

1.d4 Nf6 2.c4 e6 3.Nf3 d5 4.Nc3 Be7 5.Bf4 O-O 6.e3 b6 7.g4 dxc4 8.Bxc4 Bb7
9.Qe2 Nbd7 10.g5 Nh5 11.Bg3 a6 12.Bd3 c5 13.O-O-O Qc8 14.Kb1 b5 15.d5 exd5
16.Bf5 g6 17.Bg4 d4 18.exd4 Re8 19.dxc5 Bxc5 20.Qd3 Rd8 21.Rhe1 Qc6 22.Ne5 Nxe5
23.Qxd8+ Rxd8 24.Rxd8+ Bf8 25.Bxe5 Qb6 26.Rb8 b4 27.Nd5 Qc5 28.Nf6+ Nxf6
29.Bxf6 Qxf2 30.Ree8 Qf1+ 31.Kc2 Qc4+ 32.Kd2 Qf4+ 33.Kd3 Qd6+ 34.Bd4  1-0

[Event "World Blitz 2016"]
[Site "Doha QAT"]
[Date "2016.12.29"]
[Round "8.11"]
[White "Korobov,A"]
[Black "Mamedyarov,S"]
[Result "1-0"]
[WhiteElo "2692"]
[BlackElo "2768"]

1.d4 d5 2.c4 c5 3.e3 e6 4.Nf3 Nf6 5.Nc3 Nc6 6.a3 a6 7.dxc5 Bxc5 8.b4 Ba7
9.Ra2 O-O 10.Rd2 Qc7 11.cxd5 Nxb4 12.axb4 Qxc3 13.Bb2 Qxb4 14.Bxf6 gxf6 15.Be2 exd5
16.O-O Be6 17.Qa1 Qe7 18.Bd3 Rac8 19.Qb1 h6 20.Nh4 b5 21.Nf5 Bxf5 22.Bxf5 Rc5
23.Rd4 Rc4 24.Rxd5 Rd8 25.Rxd8+ Qxd8 26.Rd1 Qe7 27.g3 Kg7 28.Rd7 Qc5 29.Qd3 Bb8
30.Kg2 Be5 31.Bg6 Qc6+ 32.Kh3 Qe6+ 33.Bf5 Qc6 34.Qd1 Kf8 35.Qh5  1-0

[Event "World Blitz 2016"]
[Site "Doha QAT"]
[Date "2016.12.29"]
[Round "9.17"]
[White "Mamedyarov,S"]
[Black "Pichot,A"]
[Result "1-0"]
[WhiteElo "2768"]
[BlackElo "2544"]

1.d4 Nf6 2.c4 g6 3.Nc3 Bg7 4.Nf3 O-O 5.Bg5 d6 6.Qd2 c5 7.d5 Na6 8.h3 Nc7
9.e4 b5 10.cxb5 a6 11.bxa6 Bxa6 12.Bxa6 Rxa6 13.O-O Nd7 14.Rfe1 Rb6 15.Bh6 Qb8
16.b3 Nb5 17.Bxg7 Kxg7 18.Na4 Ra6 19.Nb2 Na3 20.Rac1 f6 21.Nd3 Nb5 22.Nf4 Nc7
23.Nd4 Rg8 24.b4 Ra4 25.Nde6+ Nxe6 26.Nxe6+ Kh8 27.bxc5 Nxc5 28.Nxc5 dxc5
29.Rxc5 Qa7 30.Rc2 Ra8 31.Rec1 Rxa2 32.Rxa2 Qxa2 33.Qxa2 Rxa2 34.Rc7  1-0

[Event "World Blitz 2016"]
[Site "Doha QAT"]
[Date "2016.12.29"]
[Round "10.12"]
[White "Lu Shanglei"]
[Black "Mamedyarov,S"]
[Result "0-1"]
[WhiteElo "2627"]
[BlackElo "2768"]

1.e4 c6 2.Nc3 d5 3.Nf3 Bg4 4.h3 Bxf3 5.Qxf3 e6 6.d4 dxe4 7.Qxe4 Nf6 8.Qd3 Na6
9.a3 Qa5 10.Rb1 Nc7 11.b4 Qf5 12.Qxf5 exf5 13.Bd3 Ne6 14.Ne2 g6 15.c4 O-O-O
16.Be3 Bg7 17.Kd2 Ne4+ 18.Bxe4 fxe4 19.Kc3 f5 20.Rbd1 g5 21.f4 exf3 22.gxf3 Rhe8
23.Bc1 b6 24.Kb3 f4 25.h4 g4 26.fxg4 f3 27.Nf4 Nxd4+ 28.Ka2 Re4 29.Rhf1 Be5
30.Nd3 Bg3 31.Bg5 Rd7 32.c5 Re2+ 33.Kb1 f2 34.cxb6 axb6 35.Nf4 Re1 36.Nh5  0-1

[Event "World Blitz 2016"]
[Site "Doha QAT"]
[Date "2016.12.29"]
[Round "11.8"]
[White "Mamedyarov,S"]
[Black "Matlakov,M"]
[Result "1/2-1/2"]
[WhiteElo "2768"]
[BlackElo "2694"]

1.d4 Nf6 2.c4 e6 3.Nf3 c5 4.d5 exd5 5.cxd5 d6 6.Nc3 g6 7.e4 Bg7 8.h3 O-O
9.Bd3 b5 10.Nxb5 Re8 11.Nc3 Nxe4 12.Bxe4 f5 13.O-O fxe4 14.Ng5 e3 15.Nce4 exf2+
16.Nxf2 h6 17.Ne6 Bxe6 18.dxe6 Nc6 19.Ng4 Nd4 20.Bxh6 Rxe6 21.Qd3 Qe7 22.b4 Re8
23.bxc5 dxc5 24.Kh1 Nf5 25.Bxg7 Qxg7 26.Rac1 Qd4 27.Qb3 Kg7 28.Rcd1 Qb4 29.Rd7+ R6e7
30.Rxe7+ Rxe7 31.Qd3 Qd4 32.Qa3 Qd6 33.Qc3+ Qd4 34.Qa3 Qd6 35.Qc3+ Qd4  1/2-1/2

[Event "World Blitz 2016"]
[Site "Doha QAT"]
[Date "2016.12.30"]
[Round "14.12"]
[White "Vallejo Pons,F"]
[Black "Mamedyarov,S"]
[Result "0-1"]
[WhiteElo "2711"]
[BlackElo "2768"]

1.d4 d5 2.c4 c5 3.Nf3 cxd4 4.cxd5 Qxd5 5.Nc3 Qa5 6.Nxd4 e5 7.Nb3 Qc7 8.g3 Bb4
9.Bg2 Nf6 10.Bd2 O-O 11.O-O Rd8 12.Qc1 Be6 13.Nb5 Qxc1 14.Rfxc1 Bxd2 15.Nxd2 Nc6
16.Nb3 Bd5 17.Nc7 Rac8 18.Nxd5 Nxd5 19.a3 Nde7 20.e3 Rd6 21.Nc5 b6 22.Ne4 Rd7
23.Rc3 Rcd8 24.Bf1 h6 25.g4 Rd1 26.Rcc1 Rxc1 27.Rxc1 Kf8 28.Bb5 f6 29.Rxc6 Nxc6
30.Bxc6 Rd1+ 31.Kg2 Rb1 32.b4 Rb3 33.b5 Ke7 34.Ng3 Rxa3 35.Nf5+ Kf8 36.Kf3 Rc3
37.Bd7 Rc7 38.Be6 Rc5 39.Bd7 Rc7 40.Be6 Rc5 41.Bd7 Rd5 42.Bc6 Rc5 43.Nd6 Rc1
44.Ke4 Rc2 45.Kd5 Rxf2 46.Nc8 Ra2 47.h4 Ra4 48.h5 Kf7 49.e4 Rd4+  0-1

[Event "World Blitz 2016"]
[Site "Doha QAT"]
[Date "2016.12.30"]
[Round "16.2"]
[White "Mamedyarov,S"]
[Black "Karjakin,Sergey"]
[Result "0-1"]
[WhiteElo "2768"]
[BlackElo "2785"]

1.d4 Nf6 2.Nf3 e6 3.c4 b6 4.a3 Bb7 5.Nc3 d5 6.Bg5 Be7 7.Qa4+ Bc6 8.Qc2 dxc4
9.e3 b5 10.Bxf6 gxf6 11.a4 b4 12.Nb1 Bxf3 13.gxf3 c5 14.dxc5 Nd7 15.c6 Ne5
16.Bxc4 Nxf3+ 17.Ke2 Ne5 18.c7 Qxc7 19.Bb5+ Kd8 20.Qe4 Rc8 21.Rd1+ Bd6 22.f4 Nd7
23.Nd2 Nc5 24.Qxb4 Ke7 25.Nc4 Ne4 26.Nxd6 Nxd6 27.Rac1 Qb8 28.e4 Rxc1 29.Rxc1 a5
30.Qa3 Rc8 31.Rd1 e5 32.fxe5 fxe5 33.Qg3 Nxb5 34.Qg5+ Kf8 35.axb5 Qxb5+ 36.Ke1 Qb4+
37.Kf1 Qc4+ 38.Kg1 Qxe4 39.Rd8+ Rxd8 40.Qxd8+ Kg7 41.Qxa5 Qb1+ 42.Kf2 Qxb2+
43.Kg3 Qd4 44.Qa2 Qf4+ 45.Kg2 h5 46.Qc2 Qg5+ 47.Kh1 Qf4 48.Qg2+ Kh6 49.Qc6+ f6
50.Qa6 e4 51.Kg1 e3 52.Qe2 Qg4+  0-1

[Event "World Blitz 2016"]
[Site "Doha QAT"]
[Date "2016.12.30"]
[Round "17.10"]
[White "Najer,E"]
[Black "Mamedyarov,S"]
[Result "0-1"]
[WhiteElo "2679"]
[BlackElo "2768"]

1.e4 c6 2.d4 d5 3.e5 Bf5 4.Nf3 e6 5.Be2 Nd7 6.O-O Bb4 7.Nbd2 Ba5 8.c3 Bc7
9.Re1 h6 10.b4 a5 11.b5 c5 12.dxc5 Nxc5 13.Ba3 Bb6 14.Nd4 Ne7 15.N2b3 Ne4
16.Rc1 Rc8 17.c4 dxc4 18.Rxc4 Rxc4 19.Bxc4 a4 20.Bxe7 Qxe7 21.Nc1 Qc5 22.Bxe6 fxe6
23.Nce2 O-O 24.Qxa4 Nc3 25.Nxc3  0-1

[Event "World Blitz 2016"]
[Site "Doha QAT"]
[Date "2016.12.30"]
[Round "18.7"]
[White "Dominguez Perez,L"]
[Black "Mamedyarov,S"]
[Result "1/2-1/2"]
[WhiteElo "2739"]
[BlackElo "2768"]

1.d4 d5 2.Nf3 Nf6 3.Bf4 g6 4.e3 Bg7 5.h3 O-O 6.Nbd2 c5 7.c3 Nc6 8.Be2 Nd7
9.O-O e5 10.dxe5 Ndxe5 11.Nxe5 Nxe5 12.Nf3 Nc6 13.Qb3 c4 14.Qa3 Be6 15.Rfd1 Qb6
16.Bd6 Rfd8 17.Bc5 Qc7 18.Nd4 Nxd4 19.Bxd4 Bf8 20.Qa4 b5 21.Qc2 a5 22.a3 b4
23.axb4 axb4 24.cxb4 Bxb4 25.Rxa8 Rxa8 26.Bf3 Bc5 27.Bc3 Rd8 28.Qc1 Qb6 29.Qd2 Rd7
30.h4 h5 31.g3 Kh7 32.Kg2 Bf8 33.Ra1 Bg7 34.Bxg7 Kxg7 35.Qc3+ d4 36.exd4 Qxd4
37.Qxd4+ Rxd4 38.Rd1 Rxd1 39.Bxd1 Kf6 40.f4 Ke7 41.Kf2 Kd6 42.Ke3 Kc5 43.Bc2 Bf5
44.Bd1 Bb1 45.Ba4 Bf5 46.Bd1 Bd7 47.Bc2 Be6 48.Bd1 Bf5 49.Ba4 Be6 50.Bd1 Bf5
51.Ba4  1/2-1/2

[Event "World Blitz 2016"]
[Site "Doha QAT"]
[Date "2016.12.30"]
[Round "19.5"]
[White "Mamedyarov,S"]
[Black "Vachier Lagrave,M"]
[Result "0-1"]
[WhiteElo "2768"]
[BlackElo "2804"]

1.d4 Nf6 2.c4 g6 3.Nc3 d5 4.Nf3 Bg7 5.cxd5 Nxd5 6.Bg5 c5 7.Rc1 Nc6 8.Nxd5 Qxd5
9.Rxc5 Qxa2 10.e3 Qxb2 11.Bc4 Qb4+ 12.Nd2 O-O 13.O-O a6 14.Bd5 e5 15.Rc4 Qd6
16.Qf3 Be6 17.Rc5 exd4 18.Ne4 Bxd5 19.Rxd5 Qxd5 20.Nf6+ Bxf6 21.Qxd5 Rad8
22.Qc5 Bxg5 23.Qxg5 d3 24.h4 Rfe8 25.Rd1 Re5 26.Qf4 Rc5 27.Kh2 b5 28.g4 h5
29.gxh5 Rxh5 30.Qf6 Rc5 31.Kg2 Rdd5 32.f4 b4 33.h5 gxh5 34.Kf3 Kf8 35.Rg1 d2
36.Rd1 b3 37.e4 Rd8 38.e5 Rd3+ 39.Ke2 Rd4 40.Rxd2 Rxd2+ 41.Kxd2 Ke8 42.e6 Rc2+
43.Kd1 fxe6 44.Qxe6+ Ne7 45.Qxb3 Rc6 46.Qg8+ Nxg8  0-1

[Event "World Blitz 2016"]
[Site "Doha QAT"]
[Date "2016.12.30"]
[Round "20.12"]
[White "Mamedyarov,S"]
[Black "Bosiocic,Mari"]
[Result "1-0"]
[WhiteElo "2768"]
[BlackElo "2591"]

1.d4 d5 2.c4 e6 3.Nc3 c6 4.e3 f5 5.Bd3 Nf6 6.Qc2 a6 7.Nge2 Bd6 8.f3 O-O 9.Bd2 dxc4
10.Bxc4 b5 11.Bb3 a5 12.a3 Kh8 13.e4 fxe4 14.Nxe4 Nxe4 15.Qxe4 Nd7 16.Qxc6 Ra6
17.Qe4 Nf6 18.Qd3 e5 19.dxe5 Bxe5 20.Qxd8 Rxd8 21.Bc3 Bxc3+ 22.Nxc3 Rb6 23.Rd1 Rxd1+
24.Kxd1 b4 25.Na4 Rd6+ 26.Kc1 h5 27.axb4 axb4 28.Rd1 Rc6+ 29.Kd2 h4 30.Rc1 Rd6+
31.Ke3 Bd7 32.Nc5 Bb5 33.Rd1 Rxd1 34.Bxd1 Nd5+ 35.Kd4 Nf4 36.g3 hxg3 37.hxg3 Nh5
38.Ne4 Bc6 39.f4 Bxe4 40.Bxh5 Bc2 41.Kc4 b3 42.Kc3 g5 43.fxg5 Kg7 44.Be2 Be4
45.Bc4 Kg6 46.Bd3  1-0

[Event "World Blitz 2016"]
[Site "Doha QAT"]
[Date "2016.12.30"]
[Round "21.8"]
[White "Anand,V"]
[Black "Mamedyarov,S"]
[Result "1-0"]
[WhiteElo "2779"]
[BlackElo "2768"]

1.e4 c6 2.d4 d5 3.e5 Bf5 4.Nf3 e6 5.Be2 Nd7 6.O-O Bb4 7.c3 Ba5 8.Nbd2 Bc7
9.Re1 h6 10.Nf1 c5 11.Ng3 Bg6 12.b4 c4 13.a4 Ne7 14.Nh4 Bh7 15.Nh5 g5 16.Bg4 Ng6
17.Nxg6 Bxg6 18.Qf3 Qe7 19.b5 Qf8 20.a5 Qg8 21.b6 Bd8 22.Ba3 a6 23.Nf6+ Nxf6
24.exf6 h5 25.Qxd5 hxg4 26.Qxb7 Qh7 27.Qc6+  1-0

[Event "PRO League Pacific 2017"]
[Site "chess.com INT"]
[Date "2017.01.11"]
[Round "1"]
[White "Rosen,E"]
[Black "Mamedyarov,S"]
[Result "0-1"]
[WhiteElo "2364"]
[BlackElo "2766"]

1.e4 d6 2.d4 Nf6 3.Nc3 g6 4.Be2 Nbd7 5.h4 h5 6.Nf3 e5 7.Bg5 Bg7 8.Qd2 c6
9.O-O-O Qc7 10.Rhe1 Ng4 11.Bc4 b5 12.Bb3 a5 13.d5 a4 14.dxc6 axb3 15.cxd7+ Bxd7
16.axb3 b4 17.Nb1 Ra6 18.Qxb4 O-O 19.Re2 Rb8 20.Qc3 Qb7 21.Nfd2 d5 22.exd5 e4
23.Qg3 Rc8 24.Rxe4 Ra2 25.Nc4 Bf5 26.Qf3 Qb4 27.Nc3 Ra1+ 28.Kd2 Bxe4 29.Rxa1 Bxf3
30.gxf3 Nh2 31.Ke2 Bxc3 32.bxc3 Qxc3 33.Be3 Qxa1  0-1

[Event "PRO League Pacific 2017"]
[Site "chess.com INT"]
[Date "2017.01.11"]
[Round "1"]
[White "Mamedyarov,S"]
[Black "Ashwin,J"]
[Result "1-0"]
[WhiteElo "2766"]
[BlackElo "2490"]

1.d4 Nf6 2.c4 e6 3.Nf3 d5 4.Nc3 Nbd7 5.Bg5 h6 6.Bh4 Be7 7.e3 O-O 8.Qc2 Re8
9.a3 c6 10.Rg1 c5 11.g4 cxd4 12.exd4 Nh7 13.Bg3 Ng5 14.Nxg5 Bxg5 15.f4 Bf6
16.O-O-O dxc4 17.Bxc4 Nb6 18.Bb3 Bd7 19.g5 hxg5 20.fxg5 Bxg5+ 21.Kb1 Rc8
22.Be5 Nd5 23.Bxg7 Kxg7 24.h4 Ne3 25.Qf2 Nxd1 26.Bxd1 Rxc3 27.bxc3 f6 28.hxg5 fxg5
29.Qf4 Qf6 30.Rxg5+ Kf7 31.Bh5+ Ke7 32.Qxf6+ Kxf6 33.Bxe8 Bxe8 34.Rg8 Bb5
35.Kb2 Bc4 36.a4 Bd5 37.Ka3 Ke7 38.Kb4 Kd6 39.c4 Bc6 40.Rg7 Bd7 41.a5 a6
42.Rh7 Bc6 43.Kc3 Be4 44.Rg7 Kc6 45.Rf7 Kd6 46.Rf6 Ke7 47.Rh6 Kd7 48.Kb4 Kd6
49.Rf6 Ke7 50.Rf4 Bg2 51.Kc5 Kd7 52.Rg4 Bf3 53.Rg7+ Ke8 54.Kd6 Be2 55.d5 exd5
56.Re7+  1-0

[Event "PRO League Pacific 2017"]
[Site "chess.com INT"]
[Date "2017.01.11"]
[Round "1"]
[White "Priyadharshan,K"]
[Black "Mamedyarov,S"]
[Result "0-1"]
[WhiteElo "2527"]
[BlackElo "2766"]

1.e4 d6 2.d4 Nf6 3.Nc3 g6 4.Be3 Ng4 5.Bg5 Bg7 6.h3 h6 7.Bh4 Nf6 8.Nf3 c6
9.e5 Nh5 10.g4 Nf4 11.Bg3 dxe5 12.dxe5 Nd5 13.Bc4 Be6 14.Bxd5 Bxd5 15.Qd3 Qa5
16.O-O-O e6 17.Kb1 Na6 18.Nxd5 cxd5 19.Nd4 Nc5 20.Qb5+ Qxb5 21.Nxb5 Ke7 22.f3 g5
23.h4 a6 24.Nd4 Rac8 25.c3 Nd7 26.Rde1 b5 27.a3 Nb6 28.f4 gxf4 29.Bxf4 Nc4
30.h5 Kd7 31.Rhf1 Rh7 32.Kc2 Rg8 33.Rg1 Bf8 34.Rg2 Be7 35.Nf3 Bc5 36.Kd3 Bb6
37.a4 bxa4 38.Ra1 Bc7 39.Rxa4 f6 40.Rxc4 dxc4+ 41.Kxc4 Kc8 42.Kd3 f5 43.g5 hxg5
44.Rxg5 Rxg5 45.Nxg5 Rh6 46.b4 a5 47.bxa5 Bxa5 48.c4 Kd7 49.c5 Rxh5 50.c6+ Kxc6
51.Nxe6 Kd5 52.Ng5 Rh4 53.Ke3 Bd8 54.Nf3 Bb6+  0-1

[Event "PRO League Pacific 2017"]
[Site "chess.com INT"]
[Date "2017.01.18"]
[Round "2"]
[White "Mamedyarov,S"]
[Black "Wheeler,Cameron"]
[Result "1/2-1/2"]
[WhiteElo "2766"]
[BlackElo "2398"]

1.d4 Nf6 2.c4 e6 3.Nf3 c5 4.d5 b5 5.Bg5 exd5 6.cxd5 d6 7.e4 a6 8.Bd3 Be7
9.a4 Nxd5 10.exd5 Bxg5 11.axb5 O-O 12.O-O Bb7 13.Nc3 Bf6 14.Ne4 Bxb2 15.Rb1 Bf6
16.Qc2 axb5 17.Rxb5 Bxd5 18.Nxf6+ Qxf6 19.Bxh7+ Kh8 20.Be4 Bxe4 21.Qxe4 Nd7
22.h3 Rfe8 23.Qd5 Ra1 24.Rbb1 Rxb1 25.Rxb1 Ne5 26.Nd2 Qe6 27.Qb7 c4 28.Qe4 Qg6
29.Qxg6 fxg6 30.f4 c3 31.fxe5 cxd2 32.Rd1 Rxe5 33.Rxd2 d5 34.Kf2 Kg8 35.Ra2 Kf7
36.Ra6 Re6 37.Ra5 Re5 38.Ra6 Re6  1/2-1/2

[Event "PRO League Pacific 2017"]
[Site "chess.com INT"]
[Date "2017.01.18"]
[Round "2"]
[White "Mamedyarov,S"]
[Black "Bhat,V"]
[Result "1-0"]
[WhiteElo "2766"]
[BlackElo "2519"]

1.d4 d5 2.c4 e6 3.Nc3 Be7 4.Nf3 Nf6 5.Bf4 O-O 6.e3 Nbd7 7.cxd5 Nxd5 8.Nxd5 exd5
9.Bd3 c5 10.dxc5 Nxc5 11.O-O Bg4 12.Rc1 Bxf3 13.gxf3 Ne6 14.Bg3 Qb6 15.Bf5 Rfd8
16.Qd3 g6 17.Bxe6 Qxe6 18.Rc7 Rd7 19.Rxd7 Qxd7 20.Rc1 Rc8 21.Rxc8+ Qxc8 22.Qxd5 Qc1+
23.Kg2 Qxb2 24.Be5 Qb4 25.Bd4 a6 26.Qe5 f6 27.Qe6+ Kg7 28.a4 Bd8 29.Qd5 Qe7
30.a5 h5 31.Bc5 Qe5 32.Qd7+  1-0

[Event "PRO League Pacific 2017"]
[Site "chess.com INT"]
[Date "2017.01.18"]
[Round "2"]
[White "Shankland,S"]
[Black "Mamedyarov,S"]
[Result "0-1"]
[WhiteElo "2674"]
[BlackElo "2766"]

1.d4 Nf6 2.c4 e6 3.Nf3 d5 4.Nc3 c6 5.Bg5 Be7 6.e3 Nbd7 7.Qc2 O-O 8.a3 h6
9.Bh4 a6 10.Rd1 b6 11.Bd3 Bb7 12.O-O Rc8 13.Qe2 dxc4 14.Bxc4 b5 15.Ba2 c5
16.Ne5 Qc7 17.Bg3 Bd6 18.Nxd7 Nxd7 19.d5 Bxg3 20.hxg3 exd5 21.Nxd5 Bxd5 22.Bxd5 c4
23.Rd4 Nf6 24.Bf3 Rfd8 25.Rfd1 Rxd4 26.Rxd4 c3 27.bxc3 Qxc3 28.Qd3 Qxd3 29.Rxd3 a5
30.Rb3 Rb8 31.Kf1 Kf8 32.Ke2 Ke7 33.Kd2 Nd7 34.Bc6 b4 35.axb4 Ne5 36.Bd5 axb4
37.e4 f6 38.Rb2 Kd6 39.Ke3 f5 40.Rd2 fxe4 41.Kxe4 Nd7 42.Kf5 Rb5  0-1

[Event "PRO League Pacific 2017"]
[Site "chess.com INT"]
[Date "2017.01.18"]
[Round "2"]
[White "Taghizadeh,Rayan"]
[Black "Mamedyarov,S"]
[Result "0-1"]
[WhiteElo "2317"]
[BlackElo "2766"]

1.e4 d6 2.d4 Nf6 3.Nc3 g6 4.Be3 Ng4 5.Bc1 Nf6 6.Be3 c6 7.f3 Nbd7 8.Qd2 b5
9.g4 b4 10.Nce2 a5 11.g5 Nh5 12.Ng3 Nxg3 13.hxg3 Bg7 14.Bd3 c5 15.Ne2 Qc7
16.c3 Bb7 17.Kf2 e5 18.dxc5 Nxc5 19.Bb5+ Bc6 20.Bxc5 dxc5 21.Bxc6+ Qxc6 22.Rad1 O-O
23.Qd7 Qxd7 24.Rxd7 Rfd8 25.Rhd1 Rxd7 26.Rxd7 a4 27.c4 h6 28.gxh6 Bxh6 29.Rd5 Rc8
30.Rd7 Kg7 31.Ra7 Rd8 32.Rxa4 Rd3 33.b3 Be3+ 34.Ke1 Bd2+ 35.Kf2 Be3+ 36.Ke1 Rd2
37.Ra7 Rb2 38.Rd7 Rxa2 39.Rd3 Ra1+ 40.Rd1 Bf2+ 41.Kd2 Ra2+ 42.Kd3 Rb2 43.Nc1 Bxg3  0-1

[Event "PRO League Pacific 2017"]
[Site "chess.com INT"]
[Date "2017.01.25"]
[Round "3"]
[White "Mamedyarov,S"]
[Black "Kovalyov,A"]
[Result "1/2-1/2"]
[WhiteElo "2766"]
[BlackElo "2647"]

1.d4 Nf6 2.c4 e6 3.Nc3 Bb4 4.Qc2 O-O 5.e4 d5 6.e5 Ne4 7.Bd3 c5 8.Nf3 cxd4
9.Nxd4 Nd7 10.Bf4 Qh4 11.g3 Qh5 12.O-O Bxc3 13.bxc3 g5 14.cxd5 exd5 15.Bxe4 dxe4
16.e6 gxf4 17.exd7 Bxd7 18.Qxe4 fxg3 19.hxg3 b6 20.Rfe1 Rad8 21.Qb7 Be6 22.Nxe6 fxe6
23.Qc6 Rd2 24.Qxe6+ Kh8 25.Qe3 Rdxf2 26.Qxf2 Rxf2 27.Kxf2 Qf5+ 28.Kg2 Qd5+
29.Kh2 Qh5+ 30.Kg2 Qd5+ 31.Kh2 Qh5+ 32.Kg2 Qd5+  1/2-1/2

[Event "PRO League Pacific 2017"]
[Site "chess.com INT"]
[Date "2017.01.25"]
[Round "3"]
[White "Belous,V"]
[Black "Mamedyarov,S"]
[Result "1/2-1/2"]
[WhiteElo "2564"]
[BlackElo "2766"]

1.d4 Nf6 2.c4 e6 3.Nc3 Bb4 4.f3 d5 5.a3 Bd6 6.Bg5 Be7 7.e4 Nxe4 8.Bxe7 Nxc3
9.Bxd8 Nxd1 10.Bxc7 Nxb2 11.cxd5 exd5 12.Ne2 Nc6 13.Nf4 O-O 14.Kf2 Bf5 15.Nxd5 Rac8
16.Bb5 Nxd4 17.Ne7+ Kh8 18.Nxc8 Rxc8 19.Ra2 Nxb5 20.Rxb2 Nxc7 21.Rxb7 a6
22.Rc1 Nb5 23.Re7 Rf8 24.Rc6 Nxa3 25.Rxa6 Nc2 26.Rxf7 Kg8 27.Rc7 Nd4 28.Raa7 Ne6
29.Re7 h5 30.h3 h4 31.Ra4 g5 32.Ra5 Ng7 33.Raa7 Nh5 34.Ra5 Kh8 35.Ree5 Ng7
36.g4 hxg3+ 37.Kxg3 Kh7 38.h4 gxh4+ 39.Kxh4 Kg6 40.Ra6+ Rf6 41.Rxf6+ Kxf6
42.f4 Ne6 43.Kg3 Nd4 44.Kf2 Ne6 45.Ke3 Ng7 46.Kd4 Ne6+ 47.Ke3 Ng7 48.Kd4 Ne6+
49.Ke3 Ng7 50.Kd4 Ne6+ 51.Ke3 Ng7 52.Kd4 Ne6+ 53.Ke3  1/2-1/2

[Event "PRO League Group Stage"]
[Site "chess.com INT"]
[Date "2017.02.11"]
[Round "5"]
[White "Orosz,Andras"]
[Black "Mamedyarov,S"]
[Result "0-1"]
[WhiteElo "2323"]
[BlackElo "2766"]

1.d4 Nf6 2.c4 g6 3.Nc3 d5 4.Bg5 Ne4 5.Bh4 Nxc3 6.bxc3 Bg7 7.e3 c5 8.Nf3 cxd4
9.cxd4 Nc6 10.Rc1 Be6 11.Qd2 O-O 12.c5 Qd7 13.Be2 Bf5 14.Bg3 f6 15.Nh4 Be6
16.O-O Bf7 17.Nf3 Kh8 18.Rfd1 e5 19.dxe5 fxe5 20.h3 Rad8 21.Bh4 Rde8 22.Rb1 d4
23.Bb5 Bd5 24.Be2 Be4 25.Rb3 Bd5 26.Rbb1 h6 27.Bg3 Kh7 28.exd4 exd4 29.Nh4 Be4
30.Bd3 Bf6 31.Bxe4 Rxe4 32.Nxg6 Kxg6 33.Qd3 Qf5 34.Rxb7 Re1+ 35.Kh2 Qxd3
36.Rxd3 Ne5 37.Rd2 Nc4 38.Rd3 h5 39.Rxa7 Ne5 40.Rd2 h4 41.Bf4 Re4 42.Bxe5 Bxe5+  0-1

[Event "PRO League Group Stage"]
[Site "chess.com INT"]
[Date "2017.02.11"]
[Round "5"]
[White "Mamedyarov,S"]
[Black "Szabo,Ben"]
[Result "1/2-1/2"]
[WhiteElo "2766"]
[BlackElo "2378"]

1.d4 Nf6 2.c4 e6 3.Nc3 Bb4 4.g3 O-O 5.Bg2 d5 6.a3 Bxc3+ 7.bxc3 dxc4 8.Qa4 Bd7
9.Qxc4 Bc6 10.f3 Qd5 11.Qxd5 Nxd5 12.Bd2 Nb6 13.e4 N8d7 14.Ne2 Bb5 15.Kf2 Nc4
16.a4 Ba6 17.Bf4 e5 18.Be3 Nxe3 19.Kxe3 Nb6 20.Rhd1 Nc4+ 21.Kf2 Rad8 22.Bf1 f5
23.exf5 Rxf5 24.dxe5 Rxd1 25.Rxd1 Rxe5 26.Rd8+ Kf7 27.Nd4 c5 28.Nb5 Bxb5
29.axb5 Nb6 30.Bd3 c4 31.Bxh7 Rxb5 32.h4 a5 33.Rb8 Nd7 34.Bg8+ Ke7 35.Ra8 Rb3
36.Bxc4 Rxc3 37.Bd5 b6 38.g4 Nf6 39.Ra7+ Kd6 40.Bf7 Rc7 41.Rxc7 Kxc7 42.g5 Nd7
43.h5 Kd6 44.f4 a4 45.Ke3 b5 46.Kd4 b4 47.Kc4 Ke7 48.Bg6 Nb6+ 49.Kxb4 Nd5+
50.Kxa4 Nxf4 51.h6 gxh6 52.gxh6 Nxg6 53.h7 Kf7 54.h8=N+ Nxh8  1/2-1/2

[Event "PRO League Group Stage"]
[Site "chess.com INT"]
[Date "2017.02.11"]
[Round "5"]
[White "Vertetics,A"]
[Black "Mamedyarov,S"]
[Result "0-1"]
[WhiteElo "2416"]
[BlackElo "2766"]

1.d4 Nf6 2.c4 g6 3.Nc3 d5 4.Nf3 Bg7 5.e3 O-O 6.Qb3 e6 7.Bd2 b6 8.Rc1 Bb7
9.Be2 dxc4 10.Bxc4 Nbd7 11.O-O c5 12.Be2 Qb8 13.h3 Rd8 14.Rfd1 cxd4 15.Nxd4 Nc5
16.Qc2 Qe5 17.Be1 Rac8 18.Nf3 Qb8 19.Rxd8+ Rxd8 20.b4 Ncd7 21.Nb5 a6 22.Nc3 Ne5
23.Nd4 Rc8 24.Qd1 h5 25.Na4 Nd5 26.Bf1 Nd7 27.a3 b5 28.Nc3 N7b6 29.Nxd5 Bxd5
30.Bc3 Qb7 31.Ba1 Nc4 32.Bxc4 bxc4 33.f3 Qb6 34.Kf2 a5 35.Bc3 axb4 36.axb4 Rd8
37.Qe1 Bb7 38.Ne2 e5 39.Rd1 Ra8 40.Qd2 Bc6 41.Qd6 Re8 42.Rd2 Bf8 43.Qf6 Bh6
44.f4 Bg7 45.Qd6 Bf8 46.Qf6 Be7  0-1

[Event "PRO League Group Stage"]
[Site "chess.com INT"]
[Date "2017.02.11"]
[Round "5"]
[White "Mamedyarov,S"]
[Black "Mihok,O"]
[Result "1/2-1/2"]
[WhiteElo "2766"]
[BlackElo "2505"]

1.d4 Nf6 2.c4 c5 3.d5 b5 4.Qc2 Na6 5.a3 bxc4 6.e4 e6 7.Nc3 exd5 8.exd5 Bd6
9.Bxc4 O-O 10.Nge2 Nc7 11.O-O Re8 12.Qd3 Rb8 13.b3 Be5 14.Bg5 Bxh2+ 15.Kxh2 Ng4+
16.Kg3 Qxg5 17.f4 Qh5 18.Rh1 Re3+ 19.Qxe3 Qxh1 20.Qe7 Qh2+ 21.Kf3 Bb7 22.Qxd7 Ne6
23.Ne4 h5 24.Qe7 Qxf4+ 25.Nxf4 Nd4+ 26.Kg3 Nf5+ 27.Kf3 Nd4+ 28.Kg3 Nf5+ 29.Kh3 Nxe7
30.Nxc5 Nf5 31.Nxh5 Nf2+ 32.Kh2 Ng4+ 33.Kh3 Nf2+ 34.Kh2 Ng4+ 35.Kg1 Ba8 36.Re1 Rd8
37.Nf4 g5 38.Nh5 Bxd5 39.Rd1 Nfe3 40.Rd4 Rc8  1/2-1/2

[Event "PRO League Group Stage"]
[Site "chess.com INT"]
[Date "2017.02.15"]
[Round "6"]
[White "Mamedyarov,S"]
[Black "Troff,Kayden W"]
[Result "1/2-1/2"]
[WhiteElo "2766"]
[BlackElo "2511"]

1.d4 Nf6 2.c4 g6 3.Nc3 d5 4.cxd5 Nxd5 5.Nf3 Bg7 6.Bg5 c5 7.Rc1 Nxc3 8.bxc3 Qa5
9.Qd2 h6 10.Bh4 Be6 11.d5 Bf5 12.Qb2 Nd7 13.Nd2 Nf6 14.Nc4 Qa6 15.f3 b5 16.Nd2 O-O
17.e4 Bd7 18.Be2 e6 19.dxe6 Bxe6 20.Qxb5 Qxa2 21.Bc4 Qa3 22.O-O Rab8 23.Qc6 Rfc8
24.Qa6 Qxa6 25.Bxa6 Rd8 26.Nc4 g5 27.Bg3 Rb3 28.Na5 Ra3 29.Nb7 Rd2 30.Nxc5 Nh5
31.Rf2 Rxf2 32.Bxf2 Nf4 33.Bf1 Bxc3 34.Nxe6 Nxe6 35.Bxa7 Rxa7 36.Rxc3 Kg7
37.Rd3 Ra1 38.Rd2 Kf6 39.Kf2 Ke5 40.Bc4 Ra7 41.Kg3 Nd4 42.Kg4 Rc7 43.Bd5 f5+
44.Kh5 fxe4 45.Bxe4 Ne6 46.Kxh6 Kf6 47.Rd5 Rc8 48.Rf5+ Ke7 49.Kh7 Nf8+ 50.Kh6 Ne6
51.h3 Rh8+ 52.Kg6 Rg8+ 53.Kh7 Rg7+ 54.Kh6 Rg8 55.Re5 Kf6 56.Rf5+ Ke7 57.Bd5 Rh8+
58.Kg6 Nf4+ 59.Kg7 Rd8 60.Bf7 Nxg2 61.Re5+ Kd6 62.Rxg5 Nh4 63.f4 Ke7 64.Re5+ Kd6
65.Rh5 Nf3 66.f5 Ne5 67.Be6 Re8 68.h4 Re7+ 69.Kf6 Ng4+ 70.Kg5 Rg7+ 71.Kf4 Nf6
72.Rg5 Rh7 73.Rg6 Ke7 74.Kg3 Ne4+ 75.Kh3 Nf2+ 76.Kg2 Ne4 77.Rg4 Nd6 78.Kg3 Kf6
79.Kf4 Rh6 80.Bd7 Nf7 81.Kg3 Ne5 82.Rd4 Nf7 83.Be6 Ne5 84.Rd8 Rh7 85.Rf8+ Ke7
86.Rg8 Kf6 87.Rg5 Rh8 88.Bd7 Nxd7 89.Rg4 Kf7 90.Rd4 Nf6 91.Ra4 Rd8 92.Ra7+ Rd7
93.Rxd7+ Nxd7 94.h5 Nf6 95.h6 Nh7 96.Kf4 Kf6 97.Kg4 Nf8 98.Kf4 Nh7 99.Kg4 Nf8
100.Kf4 Nh7 101.Kg4  1/2-1/2